Statistiques concernant Naruto - Raikage

Cliquez ici pour prendre le quiz!

Statistiques générales

  • Ce quiz a été pris 79 fois
  • Le résultat moyen est 4 sur 5

Statistiques - réponses

Rang du RaikageNom du Raikage% Correct
PremierA
98%
TroisièmeA
98%
QuatrièmeA
98%
CinquièmeDarui
90%
Deuxième-n
25%

Distribution des résultats

Percentile par nombre de réponses

% des personnes avec chaque résultat

Votre développement - résultats

Vous n’avez pas pris ce quiz